000 00644cam a2200157 4500500
005 20260201103954.0
041 _afre
042 _adc
100 1 0 _aTerrel-Salmon, Françoise
_eauthor
245 0 0 _aIntroduction
260 _c2006.
500 _a56
520 _aResumé Un an après le refus du traite constitutionnel européen par la France et les Pays-Bas, un Allemand et un Espagnol appellent a explorer d’autres voies pour continuer à construire l’Union.
786 0 _nRevue Projet | 292 | 3 | 2006-05-01 | p. 19-19 | 0033-0884
856 4 1 _uhttps://shs.cairn.info/revue-projet-2006-3-page-19?lang=fr&redirect-ssocas=7080
999 _c1641167
_d1641167